00498nam a22001577a 4500003000400000008004100004020001800045082002100063245007100084260005500155300001100210650003400221650003900255650002800294700001800322OSt260701b |||||||| |||| 00| 0 eng d a9789389547924 a630.208563bS61A aArtificial Intelligence in Agriculture/by Rajesh Singh...[et al.] aNew Delhi : bNew India Publishing Agency, c2021. a176 p. aTechnology (Applied sciences) aAgriculture & related technologies aArtificial Intelligence aSingh, Rajesh